Crime never pays: short stories
Сохранить в:
| Главный автор: | |
|---|---|
| Формат: | |
| Язык: | английский |
| Опубликовано: |
Oxford
Oxford University
1993
|
| Серии: | Oxford Bookworms Collection
|
| Предметы: | |
| Метки: |
Добавить метку
Нет меток, Требуется 1-ая метка записи!
|
MARC
| LEADER | 00000nam a2200000 a 4500 | ||
|---|---|---|---|
| 001 | UCM2433 | ||
| 003 | CL-VaPUC | ||
| 008 | 020510e19930000UK |||||||||||||||||eng|d | ||
| 082 | 0 | 4 | |a 823 |b WES |2 21 |
| 100 | 0 | |a West, Clare |e author |9 469189 | |
| 245 | 1 | 0 | |a Crime never pays: short stories |
| 300 | |a 144 p | ||
| 942 | |c BK | ||
| 945 | |d 20020510 00:00:00 |a cmena | ||
| 260 | |a Oxford |b Oxford University |c 1993 | ||
| 650 | 0 | |a Cuentos ingleses |9 265135 | |
| 650 | 0 | |a Literatura inglesa |9 312907 | |
| 650 | 0 | |a Comprensión de lectura |9 307588 | |
| 583 | |a last modification |c 20020510 00:00:00 |k Rodrigo Vera | ||
| 490 | 0 | |a Oxford Bookworms Collection | |
| 999 | |c 300279 |d 300277 | ||
| 952 | |0 0 |1 0 |4 0 |6 823_000000000000000_WES_1993 |7 0 |8 A |9 357860 |a BIBEDU |b BIBEDU |d 2019-11-21 |i 3652211 |o 823 WES 1993 |p 3652211 |r 2019-11-21 |w 2019-11-21 |y BK |k LIT | ||